000 00945cam a22002894a 4500
001 15575465
005 20180226031849.0
008 090105s2010 maua b 001 0 eng
010 _a 2009000083
016 7 _a101492748
_2DNLM
020 _a9780763737979 (pbk.)
020 _a0763737976 (pbk.)
035 _a(OCoLC)ocn297494698
040 _aDNLM/DLC
_cDLC
_dNLM
_dBTCTA
_dYDXCP
_dC#P
_dBWX
_dDLC
041 _aeng
042 _apcc
043 _an-us---
080 _a338.473621 DIA
082 0 0 _a338.473621 DIA
_222
100 1 _a52
101 _aECO
245 1 0 _aEssentials of health economics /
_cDiane M. Dewar.
504 _aIncludes bibliographical references and index.
906 _a7
_bcbc
_corignew
_d1
_eecip
_f20
_gy-gencatlg
942 _2ddc
_cBK
999 _c43380
_d43380